[Event "NDVM 2025 U16"]
[Site "Binz"]
[Date "2025.09.07"]
[Round "5.3"]
[White "Schöne, Finn"]
[Black "Schönherr, Stijn"]
[Result "1-0"]
[EventDate "2025.09.05"]
[Time "08:30:00"]
[Board "3"]
[WhiteElo "1914"]
[BlackElo "1664"]
[WhiteNrv "1870"]
[BlackNrv "1654"]
[WhiteTwz "1870"]
[BlackTwz "1654"]
[WhiteTitle "-"]
[BlackTitle "-"]
[WhiteFideId "34623493"]
[BlackFideId "34611622"]
[WhiteNatFedId "10781329"]
[BlackNatFedId "10756305"]
[WhiteAttr "M"]
[BlackAttr "M"]
[WhiteTeam "Hagener SV"]
[BlackTeam "USC Magdeburg"]
[PlyCount "0"]
[Annotator "Rnd./Pair./Board: 05.001.03"]

1. d4 d5 2. Nc3 Nf6 3. Bf4 e6 4. e3 Bb4 5. Bd3 c5 6. dxc5 Nbd7 7. Nf3 Nxc5 8. O-O Bxc3 9. bxc3 O-O 10. Be2 b6 11. c4 Bb7 12. Bg5 Nce4 13. Bxf6 Qxf6 14. Qd4 Qxd4 15. Nxd4 Nd2 16. Rfd1 Nxc4 17. Bxc4 dxc4 18. Nb5 Bc6 19. Nd6 b5 20. a4 a6 21. axb5 axb5 22. Rab1 Rfd8 23. h3 Ra2 24. Nxb5 Rxd1+ 25. Rxd1 h6 26. Rd8+ Kh7 27. Nd4 Ba4 28. Ra8 Bb3 29. Rxa2 Bxa2 30. Nb5 Bb1 31. Na3 Ba2 32. Kf1 Kg6 33. Ke2 Kf5 34. Kd2 c3+ 35. Kxc3 Bd5 36. f3 Ke5 37. Nc4+ Bxc4 38. Kxc4 Kd6 39. f4 g5 40. g3 f5 41. Kd4 g4 42. h4 h5 43. c4 Kd7 44. Ke5 Kc7 45. c5 Kd7 46. c6+ Kxc6 47. Kxe6 1-0

[Event "NDVM 2025 U16"]
[Site "Binz"]
[Date "2025.09.07"]
[Round "5.4"]
[White "Nozdrin, Konstantin"]
[Black "Fels, Mattis"]
[Result "0-1"]
[EventDate "2025.09.05"]
[Time "08:30:00"]
[Board "4"]
[WhiteElo "1701"]
[BlackElo "1832"]
[WhiteNrv "1265"]
[BlackNrv "1745"]
[WhiteTwz "1265"]
[BlackTwz "1745"]
[WhiteTitle "-"]
[BlackTitle "-"]
[WhiteFideId "533038821"]
[BlackFideId "34623795"]
[WhiteNatFedId "10700121"]
[BlackNatFedId "10777493"]
[WhiteAttr "M"]
[BlackAttr "M"]
[WhiteTeam "USC Magdeburg"]
[BlackTeam "Hagener SV"]
[PlyCount "0"]
[Annotator "Rnd./Pair./Board: 05.001.04"]

1. d4 d5 2. c4 e6 3. Nf3 c6 4. c5 f5 5. Bf4 Nf6 6. Nc3 Be7 7. e3 O-O 8. Bd3 Ne4 9. O-O Nd7 10. Bxe4 fxe4 11. Ne5 Nxe5 12. Bxe5 Bf6 13. Bd6 Re8 14. Qh5 g6 15. Qd1 e5 16. h3 Bf5 17. Ne2 b6 18. Ng3 Bc8 19. Qb3 exd4 20. Bf4 bxc5 21. exd4 cxd4 22. Rac1 Ba6 23. Rfe1 Bc4 24. Qb7 Bb5 25. Bc7 Qd7 26. f4 Rac8 27. Qxa7 Qxc7 28. Qc5 Qxf4 29. Ne2 Qe3+ 30. Kf1 Bh4 31. Qxd4 Rf8+ 32. Qf6 Rxf6# 0-1

[Event "NDVM 2025 U16"]
[Site "Binz"]
[Date "2025.09.07"]
[Round "5.1"]
[White "Lu, Yunong Elias"]
[Black "Zobel, Christian"]
[Result "1/2-1/2"]
[EventDate "2025.09.05"]
[Time "08:30:00"]
[Board "1"]
[WhiteElo "2106"]
[BlackElo "2212"]
[WhiteNrv "2073"]
[BlackNrv "2177"]
[WhiteTwz "2073"]
[BlackTwz "2177"]
[WhiteTitle "-"]
[BlackTitle "CM"]
[WhiteFideId "16276426"]
[BlackFideId "16259068"]
[WhiteNatFedId "10711099"]
[BlackNatFedId "10660429"]
[WhiteAttr "M"]
[BlackAttr "M"]
[WhiteTeam "Hamburger SK von 1830 eV"]
[BlackTeam "SC Borussia Lichtenberg"]
[PlyCount "0"]
[Annotator "Rnd./Pair./Board: 05.002.01"]

1. e4 c6 2. Nc3 d5 3. Nf3 dxe4 4. Nxe4 Nf6 5. Qe2 Na6 6. a3 Bf5 7. Nxf6+ gxf6 8. d4 e6 9. c3 Nc7 10. Nh4 Bg6 11. g3 Be7 12. Bg2 Qd7 13. Nxg6 hxg6 14. Be3 Nd5 15. O-O-O O-O-O 16. c4 Nxe3 17. Qxe3 Kb8 18. Kb1 Qc7 19. h4 f5 20. f4 Bf6 21. d5 exd5 22. cxd5 Rhe8 23. Qf2 cxd5 24. Rxd5 Rxd5 25. Bxd5 Rd8 26. Rd1 Qa5 27. Bb3 Rxd1+ 1/2-1/2

[Event "NDVM 2025 U16"]
[Site "Binz"]
[Date "2025.09.07"]
[Round "5.2"]
[White "Pimenov, Danil"]
[Black "Haertel, Leon"]
[Result "0-1"]
[EventDate "2025.09.05"]
[Time "08:30:00"]
[Board "2"]
[WhiteElo "1966"]
[BlackElo "1900"]
[WhiteNrv "1939"]
[BlackNrv "1892"]
[WhiteTwz "1939"]
[BlackTwz "1892"]
[WhiteTitle "-"]
[BlackTitle "-"]
[WhiteFideId "34600248"]
[BlackFideId "34623736"]
[WhiteNatFedId "10705507"]
[BlackNatFedId "10719991"]
[WhiteAttr "M"]
[BlackAttr "M"]
[WhiteTeam "SC Borussia Lichtenberg"]
[BlackTeam "Hamburger SK von 1830 eV"]
[PlyCount "0"]
[Annotator "Rnd./Pair./Board: 05.002.02"]

1. e4 c5 2. Nf3 Nc6 3. d4 cxd4 4. Nxd4 g6 5. c4 Nf6 6. Nc3 Nxd4 7. Qxd4 d6 8. Be3 Bg7 9. Be2 O-O 10. Qd2 Be6 11. Rc1 a5 12. O-O a4 13. f3 Qa5 14. b3 axb3 15. axb3 Rfc8 16. Kh1 Nd7 17. Bd4 Nc5 18. Rb1 Qb4 19. Bxg7 Kxg7 20. f4 f6 21. Qe3 Ra3 22. f5 Bf7 23. fxg6 hxg6 24. Bd1 Bxc4 25. Qd4 Nxb3 26. Bxb3 Rxb3 27. Rxb3 Qxb3 28. Rc1 Be6 29. h3 b5 30. Kh2 Qb2 31. Qe3 b4 32. Ne2 Rxc1 33. Nxc1 Qc2 34. Nd3 b3 35. Nf4 Bf7 36. Nd5 b2 37. Nxe7 b1=Q 38. e5 dxe5 39. h4 Qe4 40. Qa7 Qxh4# 0-1

[Event "NDVM 2025 U16"]
[Site "Binz"]
[Date "2025.09.07"]
[Round "5.3"]
[White "Kellner, Anton"]
[Black "Gerull, Noah"]
[Result "1-0"]
[EventDate "2025.09.05"]
[Time "08:30:00"]
[Board "3"]
[WhiteElo "1869"]
[BlackElo "1825"]
[WhiteNrv "1813"]
[BlackNrv "1761"]
[WhiteTwz "1813"]
[BlackTwz "1761"]
[WhiteTitle "-"]
[BlackTitle "-"]
[WhiteFideId "16293185"]
[BlackFideId "34661395"]
[WhiteNatFedId "10677811"]
[BlackNatFedId "10808499"]
[WhiteAttr "M"]
[BlackAttr "M"]
[WhiteTeam "Hamburger SK von 1830 eV"]
[BlackTeam "SC Borussia Lichtenberg"]
[PlyCount "0"]
[Annotator "Rnd./Pair./Board: 05.002.03"]

1. d4 Nf6 2. c4 g6 3. Nc3 Bg7 4. e4 d6 5. Nf3 O-O 6. Be2 e5 7. O-O Nc6 8. d5 Ne7 9. Ne1 Nd7 10. Be3 f5 11. f3 f4 12. Bf2 g5 13. a4 h5 14. a5 a6 15. Rc1 Nf6 16. c5 Ng6 17. cxd6 cxd6 18. Bb6 Qe7 19. Na4 g4 20. Rc7 Qe8 21. Bf2 Qd8 22. Qc2 Ne8 23. Rc3 Bd7 24. Nb6 Rc8 25. Nd3 Bb5 26. fxg4 hxg4 27. Bxg4 Qg5 28. Be6+ Kh8 29. Qd2 Qh5 30. Rfc1 Nf6 31. Nc5 dxc5 32. Rh3 Qxh3 33. Bxh3 Nxe4 34. Qc2 Nxf2 35. Kxf2 e4 36. Qxe4 Ne5 37. Rd1 Rce8 38. Be6 Ng4+ 39. Ke1 Rf6 40. Nd7 Nxh2 41. Kd2 f3 42. gxf3 Bh6+ 43. Kc2 Nxf3 44. Nxc5 Rf4 45. Qg6 Bg7 1-0

[Event "NDVM 2025 U16"]
[Site "Binz"]
[Date "2025.09.07"]
[Round "5.4"]
[White "Belka, David"]
[Black "Borgert, Alexander"]
[Result "1/2-1/2"]
[EventDate "2025.09.05"]
[Time "08:30:00"]
[Board "4"]
[WhiteElo "1831"]
[BlackElo "1676"]
[WhiteNrv "1684"]
[BlackNrv "1706"]
[WhiteTwz "1684"]
[BlackTwz "1706"]
[WhiteTitle "-"]
[BlackTitle "-"]
[WhiteFideId "533023239"]
[BlackFideId "16289188"]
[WhiteNatFedId "10868145"]
[BlackNatFedId "10701155"]
[WhiteAttr "M"]
[BlackAttr "M"]
[WhiteTeam "SC Borussia Lichtenberg"]
[BlackTeam "Hamburger SK von 1830 eV"]
[PlyCount "0"]
[Annotator "Rnd./Pair./Board: 05.002.04"]

1. c4 e5 2. Nc3 Nc6 3. g3 Bc5 4. Bg2 d6 5. e4 Nf6 6. h3 Be6 7. d3 h6 8. Nge2 Nd4 9. O-O Nxe2+ 10. Qxe2 Qd7 11. Kh2 g5 12. Nd5 Bxd5 13. exd5 O-O-O 14. a3 Ng8 15. b4 Bd4 16. Rb1 f5 17. b5 Nf6 18. a4 Rdg8 19. Be3 h5 20. Bxd4 exd4 21. Qb2 Qg7 22. a5 h4 23. b6 axb6 24. axb6 hxg3+ 25. fxg3 Ng4+ 26. Kg1 Ne3 27. bxc7 Qxc7 28. Rfe1 f4 29. Ra1 g4 30. Ra8+ Kd7 31. Rxg8 Rxg8 32. hxg4 Nxg2 33. Kxg2 Rxg4 34. Qxd4 Rxg3+ 35. Kh2 Qa5 36. Re2 Qc5 37. Qxc5 dxc5 38. Re4 Rxd3 39. Rxf4 b5 40. cxb5 Rxd5 41. Kg3 Kc7 42. Rf6 Rd6 43. Rxd6 Kxd6 44. Kf4 Kc7 45. Ke4 Kb6 46. Kd3 Kxb5 47. Kc3 c4 48. Kc2 Kc5 49. Kc3 Kd5 50. Kc2 Kd4 51. Kd2 c3+ 52. Kc2 Kc4 53. Kc1 Kd3 54. Kd1 1/2-1/2

[Event "NDVM 2025 U16"]
[Site "Binz"]
[Date "2025.09.07"]
[Round "5.1"]
[White "Hellenbroich, Hanno"]
[Black "Matiashvili, Alexander Michael"]
[Result "0-1"]
[EventDate "2025.09.05"]
[Time "08:30:00"]
[Board "1"]
[WhiteElo "1873"]
[BlackElo "1883"]
[WhiteNrv "1897"]
[BlackNrv "1898"]
[WhiteTwz "1897"]
[BlackTwz "1898"]
[WhiteTitle "-"]
[BlackTitle "-"]
[WhiteFideId "16270762"]
[BlackFideId "16266242"]
[WhiteNatFedId "10664473"]
[BlackNatFedId "10696495"]
[WhiteAttr "M"]
[BlackAttr "M"]
[WhiteTeam "Lübecker SV von 1873"]
[BlackTeam "SV Königsjäger Süd-West e.V."]
[PlyCount "0"]
[Annotator "Rnd./Pair./Board: 05.003.01"]

1. e4 e5 2. Nf3 Nc6 3. d4 exd4 4. Bc4 Nf6 5. O-O Bc5 6. e5 d5 7. Bb5 Ne4 8. Nxd4 Bd7 9. Bxc6 bxc6 10. Nc3 Nxc3 11. bxc3 O-O 12. Be3 Qe7 13. Re1 Bb6 14. Qh5 Rfe8 15. Bg5 f6 16. Bh4 Qf7 17. Qxf7+ Kxf7 18. Bg3 Ba5 19. Re3 fxe5 20. Bxe5 Bxc3 21. Rxc3 Rxe5 22. Nxc6 Bxc6 23. Rxc6 Rc8 24. Kf1 Re6 25. Rc5 c6 26. Rd1 Rb8 27. f3 Rb2 28. a3 Ke7 29. c4 Ree2 30. cxd5 Rf2+ 31. Ke1 Rxg2 32. Kf1 Rxh2 33. Kg1 Rbe2 34. Kf1 Ra2 35. Kg1 Rag2+ 36. Kf1 Rc2 37. Rxc2 Rxc2 38. dxc6 Rxc6 39. Rb1 Rb6 40. Re1+ Re6 41. Rb1 Re3 42. Rb7+ Kf6 43. Rxa7 Rxf3+ 44. Kg2 Rb3 45. Ra6+ Kg5 46. Ra7 Kh6 47. a4 g5 48. a5 Ra3 49. Kh2 Kg6 50. a6 h5 51. Ra8 Kf5 52. a7 Kg4 53. Kg2 Ra2+ 54. Kf1 h4 55. Ke1 h3 56. Kf1 Ra1+ 57. Kf2 Ra3 58. Kf1 Ra2 59. Ke1 Kg3 60. Rg8 h2 0-1

[Event "NDVM 2025 U16"]
[Site "Binz"]
[Date "2025.09.07"]
[Round "5.2"]
[White "Schäfer, Benjamin"]
[Black "Petrow, Andre"]
[Result "1-0"]
[EventDate "2025.09.05"]
[Time "08:30:00"]
[Board "2"]
[WhiteElo "1967"]
[BlackElo "1835"]
[WhiteNrv "1895"]
[BlackNrv "1731"]
[WhiteTwz "1895"]
[BlackTwz "1731"]
[WhiteTitle "-"]
[BlackTitle "-"]
[WhiteFideId "34616390"]
[BlackFideId "34612815"]
[WhiteNatFedId "10725457"]
[BlackNatFedId "10769617"]
[WhiteAttr "M"]
[BlackAttr "M"]
[WhiteTeam "SV Königsjäger Süd-West e.V."]
[BlackTeam "Lübecker SV von 1873"]
[PlyCount "0"]
[Annotator "Rnd./Pair./Board: 05.003.02"]

1. d4 Nf6 2. c4 c6 3. Nf3 d5 4. Nc3 dxc4 5. a4 Bf5 6. e3 e6 7. Bxc4 Nbd7 8. O-O Bd6 9. Re1 Ne4 10. Bd3 Nxc3 11. bxc3 Bxd3 12. Qxd3 e5 13. e4 O-O 14. Bg5 Qc7 15. Red1 f6 16. Be3 Rad8 17. Rab1 Kh8 18. h3 Rfe8 19. Nh4 exd4 20. Bxd4 Nc5 21. Qf3 Nxa4 22. Nf5 Be5 23. Ra1 b5 24. c4 Bxd4 25. Nxd4 a6 26. cxb5 cxb5 27. Rac1 Qb7 28. Ne6 Rxd1+ 29. Qxd1 Nb2 30. Qd5 Qxd5 31. exd5 Nc4 32. Rd1 Nb6 33. Nc7 Rd8 34. Ra1 Nxd5 35. Rd1 b4 36. Rxd5 Rxd5 37. Nxd5 b3 38. Kf1 b2 39. Nc3 a5 40. Ke2 a4 41. Kd2 a3 42. Kc2 Kg8 1-0

[Event "NDVM 2025 U16"]
[Site "Binz"]
[Date "2025.09.07"]
[Round "5.3"]
[White "Schönrock, Elia"]
[Black "Weng, Hao"]
[Result "1/2-1/2"]
[EventDate "2025.09.05"]
[Time "08:30:00"]
[Board "3"]
[WhiteElo "1817"]
[BlackElo "1687"]
[WhiteNrv "1688"]
[BlackNrv "1707"]
[WhiteTwz "1688"]
[BlackTwz "1707"]
[WhiteTitle "-"]
[BlackTitle "-"]
[WhiteFideId "533051208"]
[BlackFideId "16268261"]
[WhiteNatFedId "10906917"]
[BlackNatFedId "10712317"]
[WhiteAttr "M"]
[BlackAttr "M"]
[WhiteTeam "Lübecker SV von 1873"]
[BlackTeam "SV Königsjäger Süd-West e.V."]
[PlyCount "0"]
[Annotator "Rnd./Pair./Board: 05.003.03"]

1. d4 d5 2. Nf3 e6 3. Bf4 Nf6 4. e3 Bd6 5. Bg3 c5 6. c4 O-O 7. Be2 a6 8. O-O dxc4 9. Bxc4 b5 10. Be2 Bxg3 11. hxg3 Qe7 12. Ne5 Bb7 13. Bf3 Bxf3 14. Qxf3 Nbd7 15. Qb7 Qd6 16. Qc6 Qe7 17. Qb7 Rfb8 18. Qc7 Rc8 19. Qb7 Qd6 20. Nxd7 Nxd7 21. Rd1 e5 22. Nc3 cxd4 23. Qd5 Qxd5 24. Nxd5 Kf8 25. exd4 Rc2 26. Rab1 Rac8 27. a3 exd4 28. Rxd4 Ne5 29. Ne3 R2c6 30. Rbd1 g6 31. Rd5 Nc4 32. Nxc4 Rxc4 33. Rd7 Rc2 34. R1d5 R8c5 35. g4 Rc7 36. Rxc7 Rxc7 37. Rd8+ Ke7 38. Ra8 Rc6 39. f4 Kf6 40. Ra7 Rd6 41. Kh2 h6 42. b3 h5 43. gxh5 gxh5 44. g3 Kg6 45. Kh3 f6 46. a4 bxa4 47. bxa4 Kf5 48. Ra8 Rc6 49. Rh8 Kg6 50. Rd8 Kf5 51. Ra8 Rd6 52. a5 Rc6 53. Kg2 Rc2+ 54. Kh3 Rc6 55. Kh4 Rc1 56. Kh3 Rc6 1/2-1/2

[Event "NDVM 2025 U16"]
[Site "Binz"]
[Date "2025.09.07"]
[Round "5.1"]
[White "Peilert, Maximilian"]
[Black "Helms, Finn"]
[Result "0-1"]
[EventDate "2025.09.05"]
[Time "08:30:00"]
[Board "1"]
[WhiteElo "1784"]
[BlackElo "2106"]
[WhiteNrv "1868"]
[BlackNrv "2105"]
[WhiteTwz "1868"]
[BlackTwz "2105"]
[WhiteTitle "-"]
[BlackTitle "-"]
[WhiteFideId "34686312"]
[BlackFideId "16249143"]
[WhiteNatFedId "10653655"]
[BlackNatFedId "10635853"]
[WhiteAttr "M"]
[BlackAttr "M"]
[WhiteTeam "Think Rochade - SC HRO"]
[BlackTeam "SAbt SV Werder Bremen"]
[PlyCount "0"]
[Annotator "Rnd./Pair./Board: 05.004.01"]

1. d4 Nf6 2. c4 e6 3. Nf3 d5 4. g3 Bb4+ 5. Bd2 Be7 6. Bg2 O-O 7. O-O c6 8. Qc2 Nbd7 9. Bf4 b6 10. Nbd2 Ba6 11. Rac1 c5 12. dxc5 Bxc5 13. e4 Nh5 14. Bg5 Qc7 15. exd5 exd5 16. Qa4 Qc8 17. b4 h6 18. Bf4 Nxf4 19. gxf4 dxc4 20. bxc5 Nxc5 21. Qc2 Nd3 22. Ne5 Nxf4 23. Qe4 Nxg2 24. Qxg2 c3 25. Ne4 Bxf1 26. Kxf1 Qf5 27. Ng4 Qg6 28. Nxc3 Rac8 29. Qf3 Rfe8 30. Ne2 Rxc1+ 31. Nxc1 Qb1 32. Qc6 Re6 33. Qc8+ Kh7 34. Qc3 Rd6 35. Ne3 Qe4 36. Ke2 Qh4 37. Qc7 Qh3 38. Ke1 Qxh2 39. Qc2+ g6 40. Qc4 Qh1+ 41. Ke2 Qh5+ 42. Ke1 Qa5+ 43. Kf1 Kg7 44. Nd3 Qd2 45. Ne5 Rf6 46. N5g4 Re6 47. Qf4 Qd3+ 48. Kg1 h5 49. Ne5 Qb1+ 50. Kg2 Rf6 51. Qg3 Qxa2 52. Nd7 Re6 53. Nf5+ Kh7 54. Nf8+ Kg8 55. Nxe6 Qxe6 56. Ne3 Kg7 57. Qc7 a5 58. Nc4 Qe4+ 59. Kg1 Qg4+ 60. Kh2 Qd4 61. Kg2 a4 62. Nd6 Qd5+ 63. Kg1 b5 64. Ne8+ Kf8 65. Qb8 Qd1+ 66. Kh2 Qd4 67. Nf6+ Ke7 68. Qe8+ Kd6 69. Qd7+ Ke5 70. Qe7+ Kf5 71. Nd7 Qxf2+ 72. Kh1 Qf3+ 73. Kh2 Qf4+ 74. Kg1 Qd4+ 75. Kh2 f6 76. Qd8 a3 77. Qc8 Kg5 78. Nf8 Qh4+ 79. Kg2 Qg4+ 0-1

[Event "NDVM 2025 U16"]
[Site "Binz"]
[Date "2025.09.07"]
[Round "5.2"]
[White "Jablonski, Ture"]
[Black "Vakeel, Eshwar"]
[Result "1-0"]
[EventDate "2025.09.05"]
[Time "08:30:00"]
[Board "2"]
[WhiteElo "1855"]
[BlackElo "1672"]
[WhiteNrv "1787"]
[BlackNrv "1666"]
[WhiteTwz "1787"]
[BlackTwz "1666"]
[WhiteTitle "-"]
[BlackTitle "-"]
[WhiteFideId "34640452"]
[BlackFideId "34626514"]
[WhiteNatFedId "10724973"]
[BlackNatFedId "10736037"]
[WhiteAttr "M"]
[BlackAttr "M"]
[WhiteTeam "SAbt SV Werder Bremen"]
[BlackTeam "Think Rochade - SC HRO"]
[PlyCount "0"]
[Annotator "Rnd./Pair./Board: 05.004.02"]

1. d4 d5 2. c4 c6 3. Nf3 Nf6 4. Nc3 e6 5. e3 Nbd7 6. Qc2 Bd6 7. b3 b6 8. Bb2 Bb7 9. Be2 O-O 10. O-O Rc8 11. Rfd1 Qe7 12. Rac1 c5 13. cxd5 Nxd5 14. Nxd5 Bxd5 15. e4 cxd4 16. Qxc8 Rxc8 17. Rxc8+ Nf8 18. exd5 exd5 19. Ba6 Qe4 20. Bxd4 f6 21. Be3 h6 22. Bb7 Qb4 23. Bxd5+ Kh7 24. Rc4 Qa3 25. Nh4 1-0

[Event "NDVM 2025 U16"]
[Site "Binz"]
[Date "2025.09.07"]
[Round "5.3"]
[White "Tank, Julian"]
[Black "Halich, Jan Finnian"]
[Result "1/2-1/2"]
[EventDate "2025.09.05"]
[Time "08:30:00"]
[Board "3"]
[WhiteElo "1692"]
[BlackElo "1617"]
[WhiteNrv "1696"]
[BlackNrv "1575"]
[WhiteTwz "1696"]
[BlackTwz "1575"]
[WhiteTitle "-"]
[BlackTitle "-"]
[WhiteFideId "34686339"]
[BlackFideId "34623710"]
[WhiteNatFedId "10764561"]
[BlackNatFedId "10753837"]
[WhiteAttr "M"]
[BlackAttr "M"]
[WhiteTeam "Think Rochade - SC HRO"]
[BlackTeam "SAbt SV Werder Bremen"]
[PlyCount "0"]
[Annotator "Rnd./Pair./Board: 05.004.03"]

1. d4 d5 2. c4 e6 3. Nf3 Nf6 4. g3 Be7 5. Bg2 O-O 6. O-O c6 7. Qc2 Nbd7 8. Nc3 b6 9. Rd1 Ba6 10. cxd5 cxd5 11. Qa4 Bb7 12. Bf4 Nb8 13. Ne5 a6 14. Rac1 b5 15. Qb3 Bd6 16. Bf3 Bxe5 17. Bxe5 Nc6 18. Bf4 Rc8 19. a3 Na5 20. Qa2 Qb6 21. b4 Nc4 22. e3 Rc6 23. Bg5 Rc7 24. Qa1 Rfc8 25. Bxf6 gxf6 26. Ne2 f5 27. Nf4 Nd6 28. Nd3 Rxc1 29. Rxc1 Rxc1+ 30. Qxc1 Nc4 31. Nc5 Bc8 32. Qc3 a5 33. Kg2 axb4 34. axb4 Qa7 35. Be2 Qa3 36. Qxa3 Nxa3 37. Kf3 Kg7 38. Bd3 Nc4 39. Kf4 Kf6 40. h3 h6 41. h4 Nd6 42. f3 Nc4 43. g4 fxg4 44. fxg4 Ke7 45. e4 dxe4 46. Bxe4 f6 47. Bc6 Nd6 48. g5 hxg5+ 49. hxg5 fxg5+ 50. Kxg5 Nf5 51. Bxb5 Nxd4 52. Bc4 Bd7 53. Ne4 1/2-1/2

[Event "NDVM 2025 U16"]
[Site "Binz"]
[Date "2025.09.07"]
[Round "5.1"]
[White "Böhler, Yannic"]
[Black "Bräutigam, Alexander"]
[Result "1/2-1/2"]
[EventDate "2025.09.05"]
[Time "08:30:00"]
[Board "1"]
[WhiteElo "1848"]
[BlackElo "2166"]
[WhiteNrv "1865"]
[BlackNrv "2155"]
[WhiteTwz "1865"]
[BlackTwz "2155"]
[WhiteTitle "-"]
[BlackTitle "-"]
[WhiteFideId "34609059"]
[BlackFideId "16245210"]
[WhiteNatFedId "10763953"]
[BlackNatFedId "10624201"]
[WhiteAttr "M"]
[BlackAttr "M"]
[WhiteTeam "SC Schachelschweine e.V."]
[BlackTeam "SK Doppelbauer Kiel von 1910"]
[PlyCount "0"]
[Annotator "Rnd./Pair./Board: 05.005.01"]

1. c4 Nf6 2. g3 c5 3. Bg2 d5 4. cxd5 Nxd5 5. Nc3 Nc7 6. Nf3 Nc6 7. O-O e5 8. a3 Be6 9. b4 cxb4 10. axb4 a6 11. Rb1 Be7 12. b5 axb5 13. Nxb5 O-O 14. Nxc7 Qxc7 15. d3 Bd5 16. Be3 Bb4 17. Qc2 Ra2 18. Rb2 Rxb2 19. Qxb2 Ra8 20. Nd2 Ra2 21. Qb1 Bxg2 22. Qxa2 Bxf1 23. Kxf1 Qa5 1/2-1/2

[Event "NDVM 2025 U16"]
[Site "Binz"]
[Date "2025.09.07"]
[Round "5.2"]
[White "Farokhi, Darian"]
[Black "Busch, Lara Sophie"]
[Result "1-0"]
[EventDate "2025.09.05"]
[Time "08:30:00"]
[Board "2"]
[WhiteElo "1851"]
[BlackElo "1704"]
[WhiteNrv "1831"]
[BlackNrv "1640"]
[WhiteTwz "1831"]
[BlackTwz "1640"]
[WhiteTitle "-"]
[BlackTitle "-"]
[WhiteFideId "16253108"]
[BlackFideId "34664866"]
[WhiteNatFedId "10642131"]
[BlackNatFedId "10818677"]
[WhiteAttr "M"]
[BlackAttr "W"]
[WhiteTeam "SK Doppelbauer Kiel von 1910"]
[BlackTeam "SC Schachelschweine e.V."]
[PlyCount "0"]
[Annotator "Rnd./Pair./Board: 05.005.02"]

1. e4 e5 2. Nf3 Nc6 3. Bc4 Nf6 4. d3 h6 5. c3 d6 6. O-O g5 7. Nbd2 Bg7 8. a4 a5 9. Qb3 O-O 10. h3 Nh5 11. Re1 Nf4 12. Nf1 Qf6 13. Bxf4 Qxf4 14. N1h2 Ne7 15. d4 Ng6 16. Re3 h5 17. dxe5 dxe5 18. Ne1 Qf6 19. Rd1 Nf4 20. Nd3 g4 21. hxg4 hxg4 22. Nc5 Qe7 23. Nd3 Bh6 24. Nxf4 Bxf4 25. Red3 Bxh2+ 26. Kxh2 Qh4+ 27. Kg1 Kg7 28. Rg3 Rh8 29. Kf1 Rh6 30. Ke2 Rb6 31. Qa3 f5 32. exf5 Bxf5 33. Rd2 Rd8 34. Rxd8 Qxd8 35. Qa1 Kf6 36. Qc1 Qf8 37. f3 gxf3+ 38. gxf3 Ke7 39. b3 Rg6 40. Rxg6 Bxg6 41. Qe3 Kd6 42. Qd2+ Ke7 43. Qd5 Qf5 44. Bd3 Qxd3+ 45. Qxd3 Bxd3+ 46. Kxd3 Kf6 47. Kc4 Kf5 48. Kd5 c6+ 49. Kd6 Kf4 50. b4 axb4 51. cxb4 Kxf3 52. Kxe5 Ke3 53. b5 Kd3 54. bxc6 bxc6 55. a5 c5 56. a6 c4 57. a7 c3 58. a8=Q c2 59. Qd5+ Kc3 60. Qd4+ Kb3 61. Qa1 Kc4 62. Qc1 Kd3 63. Kd5 Kc3 64. Ke4 Kb3 65. Kd3 Ka2 66. Qxc2+ Ka1 67. Qd2 Kb1 68. Kc3 Ka1 69. Qb2# 1-0

[Event "NDVM 2025 U16"]
[Site "Binz"]
[Date "2025.09.07"]
[Round "5.3"]
[White "Redmer, Till"]
[Black "Charchulla, Moritz"]
[Result "1-0"]
[EventDate "2025.09.05"]
[Time "08:30:00"]
[Board "3"]
[WhiteElo "1730"]
[BlackElo "1770"]
[WhiteNrv "1478"]
[BlackNrv "1702"]
[WhiteTwz "1478"]
[BlackTwz "1702"]
[WhiteTitle "-"]
[BlackTitle "-"]
[WhiteFideId "34686150"]
[BlackFideId "34607579"]
[WhiteNatFedId "10732403"]
[BlackNatFedId "10737333"]
[WhiteAttr "M"]
[BlackAttr "M"]
[WhiteTeam "SC Schachelschweine e.V."]
[BlackTeam "SK Doppelbauer Kiel von 1910"]
[PlyCount "0"]
[Annotator "Rnd./Pair./Board: 05.005.03"]

1. c4 c5 2. g3 g6 3. Bg2 Bg7 4. Nf3 e6 5. Nc3 d5 6. d3 Nf6 7. O-O O-O 8. Bf4 a6 9. Qd2 Qd7 10. Rab1 b5 11. Ne5 Qe8 12. cxd5 exd5 13. Nxd5 Nxd5 14. Bxd5 Ra7 15. Nxf7 Be6 16. Bxe6 Qxe6 17. Nh6+ Kh8 18. Be3 Rc7 19. a3 Rc6 20. f3 Re8 21. Bg5 Bd4+ 22. Kh1 c4 23. dxc4 Rxc4 24. b3 Bc3 25. Qd3 Rc6 26. Rbc1 Qxe2 27. Rxc3 Qxd3 28. Rxd3 Kg7 29. Rfd1 Rc5 30. f4 Rc7 31. Rd8 Kf8 32. Rxe8+ Kxe8 33. Rd8# 1-0

[Event "NDVM 2025 U16"]
[Site "Binz"]
[Date "2025.09.07"]
[Round "5.1"]
[White "Erk, Ben"]
[Black "Al Amin, Sami"]
[Result "0-1"]
[EventDate "2025.09.05"]
[Time "08:30:00"]
[Board "1"]
[WhiteElo "1835"]
[BlackElo "1861"]
[WhiteNrv "1605"]
[BlackNrv "1781"]
[WhiteTwz "1605"]
[BlackTwz "1781"]
[WhiteTitle "-"]
[BlackTitle "-"]
[WhiteFideId "533010803"]
[BlackFideId "34691910"]
[WhiteNatFedId "10838769"]
[BlackNatFedId "10833287"]
[WhiteAttr "M"]
[BlackAttr "M"]
[WhiteTeam "SK Weisse Dame Hamburg"]
[BlackTeam "SchVgg Blankenese von 1923 e.V."]
[PlyCount "0"]
[Annotator "Rnd./Pair./Board: 05.006.01"]

1. d4 Nf6 2. Bf4 e6 3. Nf3 d5 4. e3 c5 5. c3 Nc6 6. h3 Qb6 7. Qc2 Bd7 8. Nbd2 Rc8 9. Qb1 cxd4 10. exd4 Be7 11. Bd3 h6 12. O-O O-O 13. Bh2 Na5 14. a4 Nb3 15. Qc2 Nxa1 16. Rxa1 Ne4 17. Ne5 Be8 18. Nxe4 dxe4 19. Bxe4 f6 20. Nf3 Bc6 21. Bd3 Bxf3 22. gxf3 Bd6 23. f4 Qc7 24. Qe2 Rce8 25. Bc4 Bxf4 26. Bxe6+ Kh8 27. Bxf4 Qxf4 28. Qc4 f5 29. Rd1 Rf6 30. Bf7 Rf8 31. Be6 g6 32. Kf1 Re8 33. Bf7 Qf3 34. Bxg6 Qh1# 0-1

[Event "NDVM 2025 U16"]
[Site "Binz"]
[Date "2025.09.07"]
[Round "6.1"]
[White "Matiashvili, Alexander Michael"]
[Black "Direk, Oguzhan"]
[Result "1-0"]
[EventDate "2025.09.05"]
[Time "14:30:00"]
[Board "1"]
[WhiteElo "1883"]
[BlackElo "2013"]
[WhiteNrv "1898"]
[BlackNrv "1925"]
[WhiteTwz "1898"]
[BlackTwz "1925"]
[WhiteTitle "-"]
[BlackTitle "-"]
[WhiteFideId "16266242"]
[BlackFideId "16294343"]
[WhiteNatFedId "10696495"]
[BlackNatFedId "10749313"]
[WhiteAttr "M"]
[BlackAttr "M"]
[WhiteTeam "SV Königsjäger Süd-West e.V."]
[BlackTeam "Hagener SV"]
[PlyCount "0"]
[Annotator "Rnd./Pair./Board: 06.001.01"]

1. e4 c5 2. Nc3 e6 3. d4 cxd4 4. Qxd4 Nc6 5. Qd3 Qc7 6. Nf3 a6 7. Bg5 Be7 8. Bxe7 Ngxe7 9. O-O-O b5 10. h4 Bb7 11. h5 h6 12. Qd2 Rd8 13. Nd5 Qb8 14. Re1 Nxd5 15. exd5 Ne7 16. dxe6 dxe6 17. Bd3 O-O 18. Rhg1 Nd5 19. Ne5 Nf6 20. f3 Rd5 21. Qe3 Qd6 22. g4 Nd7 23. Nxd7 Qxd7 24. Qe4 Rf5 25. Qb4 Rxf3 26. Bh7+ Kxh7 27. Qxf8 Qd4 28. Rd1 Qe3+ 29. Kb1 Be4 30. Rge1 Qf2 31. Rxe4 1-0